PRODUCTION OF BIODIESEL USING HETEROGENEOUS CATALYST AND SUPER CRITICAL FLUID EXTRACTION / (Record no. 527983)
[ view plain ]
| 000 -LEADER | |
|---|---|
| fixed length control field | 00598nam a22001697a 4500 |
| 020 ## - INTERNATIONAL STANDARD BOOK NUMBER | |
| Qualifying information | Hard Cover. |
| 082 ## - DEWEY DECIMAL CLASSIFICATION NUMBER | |
| Classification number | 660 |
| 100 ## - MAIN ENTRY--PERSONAL NAME | |
| Personal name | Bahadar, Ali |
| 245 ## - TITLE STATEMENT | |
| Title | PRODUCTION OF BIODIESEL USING HETEROGENEOUS CATALYST AND SUPER CRITICAL FLUID EXTRACTION / |
| Statement of responsibility, etc. | Ali Bahadar |
| 260 ## - PUBLICATION, DISTRIBUTION, ETC. | |
| Place of publication, distribution, etc. | Islamabad: |
| Name of publisher, distributor, etc. | SCME - NUST, |
| Date of publication, distribution, etc. | 2014. |
| 300 ## - PHYSICAL DESCRIPTION | |
| Extent | xviii, 253 p. : ill. ; |
| Dimensions | 30cm. |
| 650 ## - SUBJECT ADDED ENTRY--TOPICAL TERM | |
| Topical term or geographic name entry element | PhD-Materials Engineering |
| 700 ## - ADDED ENTRY--PERSONAL NAME | |
| Personal name | Dr. Mohammad Bilal. |
| 856 ## - Uniform Resource Identifier | |
| Uniform Resource Identifier | <a href=" http://10.250.8.41:8080/xmlui/handle/123456789/27016"> http://10.250.8.41:8080/xmlui/handle/123456789/27016</a> |
| 942 ## - ADDED ENTRY ELEMENTS (KOHA) | |
| Source of classification or shelving scheme | |
| Koha item type | Thesis |
| 650 ## - SUBJECT ADDED ENTRY--TOPICAL TERM | |
| -- | 123162 |
| 700 ## - ADDED ENTRY--PERSONAL NAME | |
| -- | 19478 |
| Withdrawn status | Lost status | Source of classification or shelving scheme | Damaged status | Not for loan | Permanent Location | Current Location | Shelving location | Date acquired | Full call number | Barcode | Date last seen | Price effective from | Koha item type |
|---|---|---|---|---|---|---|---|---|---|---|---|---|---|
| Central Library (CL) | Central Library (CL) | Thesis | 09/19/2019 | 200 | CLPT-515 | 09/19/2019 | 09/19/2019 | Thesis |
